00500nam a2200085Ia 4500008004100000245003200041300027300073650000900346856005900355170517s9999 xx 000 0 und d aEminem: Diamonds and Pearls aDiamonds and Pearls is a documentary film which tells the story of Eminem’s extraordinary life and incredible musical career, via the use of the rarest footage, interviews with his closest friends, associates and loved ones and contributions from the finest music... xArt. uhttp://topdocumentaryfilms.com/eminem-diamonds-pearls/